| 000 | 00764nam a22002655i 4500 | ||
|---|---|---|---|
| 999 |
_c130237 _d130237 |
||
| 001 | 20142586 | ||
| 003 | ARRUPE | ||
| 005 | 20200131104224.0 | ||
| 008 | 171115s2018 nyu 000 0 eng | ||
| 010 | _a 2017960956 | ||
| 020 | _a9783319702254 | ||
| 040 |
_aDLC _beng _erda _cDLC |
||
| 042 | _apcc | ||
| 050 | _aB5305.M592 2018 | ||
| 100 | 1 |
_aEtieyibo, Edwin E. _949211 |
|
| 245 | 1 | 0 |
_aMethod, substance, and the future of African philosophy / _cEdwin E.Etieyibo. |
| 250 | _a1st edition. | ||
| 260 |
_aSwitzerland _bPalgrave Macmillan _c2018 |
||
| 263 | _a1801 | ||
| 300 |
_axvii, 364p. ; _c21cm. |
||
| 650 |
_aPhilosophy, African _949212 |
||
| 906 |
_a0 _bibc _corignew _d2 _eepcn _f20 _gy-gencatlg |
||
| 942 |
_2lcc _cMONOGRAPH |
||